Egy részeges esete a hagymával

Bibliographic Details
Main Author: Mózes, Szabolcs, 1979- (Author)
Format: Article
Language:Hungarian
Subjects:

MARC

LEADER 00000nab a2200000 ar4500
001 vtls009626610
003 SK-MaSNL
005 20260319070729.0
008 090710c20090523xo |||||||| 000 b|hun
015 |a SNBRB2009/05  |2 snkbucl 
038 |a SNKBUCL 
040 |a DSZK  |b slo  |c DSZK  |e AACR2 
041 0 |a hun 
044 |a xo  |c SK 
080 |a 821.511.141 (437.6)-92=511.141  |2 2001 
100 1 |a Mózes, Szabolcs,  |d 1979-  |4 aut  |9 1034470 
245 1 0 |a Egy részeges esete a hagymával  |c Mózes Szabolcs 
650 0 7 |a publicistické glosy, maďarské  |2 snkbucl  |9 73730 
773 0 |t Új szó  |g Évf. 62, sz. 117 (23.5.2009), o. 7  |x 1335-7050 
852 |a SNK  |b KIS3GCP 
852 |a DSZK  |b KIS3GCP 
958 |a HU 
958 |a SK 
958 |a LX 
999 |c 1784721  |d 1786651